[Event "Deutsche Ländermeisterschaft 2013"]
[Site "Hannover GER"]
[Date "2013.10.04"]
[Round "4"]
[White "Schulze, Lara"]
[Black "Möller, Lisa-Marie"]
[Result "1-0"]
[Termination "normal"]
[Board "3.8"]
[WhiteTitle "12w"]
[BlackTitle "12w"]
[WhiteElo "1785"]
[BlackElo "1488"]
[WhiteTeam "Niedersachsen 1"]
[BlackTeam "Nordrhein-Westfalen"]
[WhiteFideId "12956830"]
[BlackFideId "12959367"]
[EventCountry "GER"]
[EventRounds "7"]
[EventType "team-swiss"]
[EventDate "2013.10.02"]

1. d4 Nf6 2. e3 e6 3. Bd3 d5 4. Nd2 Nbd7 5. f4 c5 6. c3 Be7 7. Ngf3 O-O 8. O-O
b6 9. Ne5 Bb7 10. Qf3 Qc7 11. g4 Nxe5 12. fxe5 Ne8 13. Qh3 g6 14. Qh6 Qd8 15.
Nf3 Ng7 16. Bd2 Rc8 17. Be1 Ne8 18. Bh4 Bxh4 19. Nxh4 f5 20. gxf5 exf5 21. Nxg6
hxg6 22. Qxg6+ Ng7 23. Bxf5 Qe8 24. Qg4 1-0

[Event "Deutsche Ländermeisterschaft 2013"]
[Site "Hannover GER"]
[Date "2013.10.04"]
[Round "4"]
[White "Powierski, Emil"]
[Black "Kitze, Alexander"]
[Result "1-0"]
[Termination "normal"]
[Board "4.1"]
[WhiteTitle "18"]
[BlackTitle "14"]
[WhiteElo "2210"]
[BlackElo "1951"]
[WhiteTeam "Schleswig-Holstein"]
[BlackTeam "Sachsen-Anhalt"]
[WhiteFideId "4656199"]
[BlackFideId "12914827"]
[EventCountry "GER"]
[EventRounds "7"]
[EventType "team-swiss"]
[EventDate "2013.10.02"]

1. e4 c5 2. Nf3 d6 3. Bb5+ Nd7 4. O-O Ngf6 5. Re1 a6 6. Bf1 e6 7. c3 Be7 8. d4
cxd4 9. cxd4 b5 10. a4 b4 11. Nbd2 a5 12. Bd3 O-O 13. Nf1 e5 14. Ng3 exd4 15.
Nxd4 Ne5 16. Bb1 Qc7 17. Bg5 Rd8 18. Ba2 Bb7 19. Rc1 Qd7 20. f4 Ng6 21. Ndf5
Ne8 22. Nxe7+ Nxe7 23. Qb3 d5 24. exd5 Bxd5 25. Rxe7 Bxb3 26. Rxd7 Rxd7 27.
Bxb3 h6 28. Bh4 Rd4 29. Ne2 Rd2 30. Rc2 Rxc2 31. Bxc2 Nd6 32. Bd3 Re8 33. Kf2
Ne4+ 34. Bxe4 Rxe4 35. Bd8 b3 36. Bxa5 Rxa4 37. Bc3 Ra6 38. Nd4 Rb6 39. Nf5 f6
40. Ke3 Kf7 41. Kd3 h5 42. Nd4 g5 43. f5 g4 44. Kc4 h4 45. Nxb3 1-0

[Event "Deutsche Ländermeisterschaft 2013"]
[Site "Hannover GER"]
[Date "2013.10.04"]
[Round "4"]
[White "Heinemann, Josefine"]
[Black "Krause, Benedict"]
[Result "0-1"]
[Termination "normal"]
[Board "4.2"]
[WhiteTitle "16w"]
[BlackTitle "16"]
[WhiteElo "2003"]
[BlackElo "2142"]
[WhiteTeam "Sachsen-Anhalt"]
[BlackTeam "Schleswig-Holstein"]
[WhiteFideId "12900460"]
[BlackFideId "12917990"]
[EventCountry "GER"]
[EventRounds "7"]
[EventType "team-swiss"]
[EventDate "2013.10.02"]

1. e4 c6 2. c4 d5 3. exd5 cxd5 4. cxd5 Nf6 5. Nc3 Nxd5 6. Nf3 Nc6 7. Bb5 e6 8.
O-O Be7 9. d4 O-O 10. Re1 Bd7 11. Bd3 Rc8 12. Nxd5 exd5 13. a3 Bg4 14. Bb1 Bh5
15. Qb3 Na5 16. Qd3 Bg6 17. Qe2 Nb3 18. Bxg6 hxg6 19. Rb1 Bf6 20. Qb5 Nxd4 21.
Nxd4 Bxd4 22. Qxb7 Qf6 23. Be3 Rc2 24. Bxd4 Qxd4 25. Rf1 Rd2 26. Qb3 Re8 27. g3
Ree2 28. Qb8+ Kh7 29. Qc8 f5 30. Qc3 Rxf2 31. Qxd4 Rg2+ 0-1

[Event "Deutsche Ländermeisterschaft 2013"]
[Site "Hannover GER"]
[Date "2013.10.04"]
[Round "4"]
[White "Kololli, Kevin"]
[Black "Pallas, Sebastian"]
[Result "1/2-1/2"]
[Termination "normal"]
[Board "4.3"]
[WhiteTitle "14"]
[BlackTitle "14"]
[WhiteElo "1976"]
[BlackElo "1903"]
[WhiteTeam "Schleswig-Holstein"]
[BlackTeam "Sachsen-Anhalt"]
[WhiteFideId "12936863"]
[BlackFideId "12905453"]
[EventCountry "GER"]
[EventRounds "7"]
[EventType "team-swiss"]
[EventDate "2013.10.02"]

1. e4 c5 2. Nf3 d6 3. d4 cxd4 4. Nxd4 Nf6 5. Nc3 a6 6. Bc4 e6 7. Bb3 b5 8. Be3
Bb7 9. f4 Nbd7 10. f5 e5 11. Nde2 Rc8 12. Ng3 h5 13. Qd3 Rxc3 14. bxc3 h4 15.
Ne2 Bxe4 16. Qd2 h3 17. Ng3 hxg2 18. Rg1 Rxh2 19. Nxe4 Nxe4 20. Bxf7+ Ke7 21.
Qd5 Ndc5 22. Bxc5 Nxc5 23. Bg6 Kd7 24. O-O-O Qg5+ 25. Rd2 Rh1 26. Rxh1 gxh1=R+
27. Qxh1 e4 28. Qg2 Qe3 29. Qf2 Qxc3 30. Qd4 Qa3+ 31. Kb1 Qg3 32. Rd1 Qf3 33.
Re1 Qg3 34. Rd1 1/2-1/2

[Event "Deutsche Ländermeisterschaft 2013"]
[Site "Hannover GER"]
[Date "2013.10.04"]
[Round "4"]
[White "Niegsch, Nicolas"]
[Black "Schwarzat, Julian"]
[Result "0-1"]
[Termination "normal"]
[Board "4.4"]
[WhiteTitle "16"]
[BlackTitle "20"]
[WhiteElo "2004"]
[BlackElo "2021"]
[WhiteTeam "Sachsen-Anhalt"]
[BlackTeam "Schleswig-Holstein"]
[WhiteFideId "12932140"]
[BlackFideId "24675857"]
[EventCountry "GER"]
[EventRounds "7"]
[EventType "team-swiss"]
[EventDate "2013.10.02"]

1. e4 c6 2. d4 g6 3. Nc3 d5 4. Nf3 Bg4 5. h3 Bxf3 6. Qxf3 dxe4 7. Nxe4 Bg7 8.
Bc4 Nf6 9. c3 O-O 10. O-O Nxe4 11. Qxe4 Nd7 12. Re1 Nb6 13. Bb3 e6 14. Bf4 Qd7
15. Rad1 Nd5 16. Bg5 b5 17. g3 Qb7 18. h4 Bf6 19. Kg2 Rac8 20. Bc2 Qe7 21. Bc1
c5 22. dxc5 Qxc5 23. h5 Bxc3 24. Rh1 Bg7 25. Bb3 Nf6 26. Qe1 Nxh5 27. g4 Nf6
28. Be3 Qc6+ 29. f3 Nxg4 30. Bf4 Nf6 31. Qh4 h5 32. Be5 Nd5 33. Bxg7 Kxg7 34.
Qg5 f6 35. Qd2 a5 36. Rc1 Qd6 37. Rxc8 Nf4+ 0-1

[Event "Deutsche Ländermeisterschaft 2013"]
[Site "Hannover GER"]
[Date "2013.10.04"]
[Round "4"]
[White "Polert, Annika"]
[Black "Stein, Robert"]
[Result "1/2-1/2"]
[Termination "normal"]
[Board "4.5"]
[WhiteTitle "18w"]
[BlackTitle "12"]
[WhiteElo "1842"]
[BlackElo "1761"]
[WhiteTeam "Schleswig-Holstein"]
[BlackTeam "Sachsen-Anhalt"]
[WhiteFideId "24692328"]
[BlackFideId "12921084"]
[EventCountry "GER"]
[EventRounds "7"]
[EventType "team-swiss"]
[EventDate "2013.10.02"]

1. c4 e5 2. Nc3 Nf6 3. e4 Bc5 4. g3 O-O 5. Bg2 Nc6 6. Nge2 a5 7. O-O d6 8. d3
Be6 9. h3 Nd7 10. Kh2 f5 11. f4 g6 12. Nd5 Nd4 13. Ne3 c6 14. Nxd4 Bxd4 15. Qe2
exf4 16. gxf4 Qh4 17. Nc2 Bg7 18. Ne1 h6 19. Nf3 Qf6 20. Rb1 Rfe8 21. b3 Qf7
22. e5 dxe5 23. fxe5 g5 24. d4 Qh5 25. Ng1 Qxe2 26. Nxe2 c5 27. d5 Bxe5+ 28.
Kh1 Bf7 29. Bb2 Bg6 30. Bxe5 Rxe5 31. Nc3 Rae8 32. Nb5 Re2 33. Nd6 R8e3 34.
Nxb7 f4 35. Rbd1 Be4 36. Bxe4 Rxh3+ 37. Kg1 Rg3+ 38. Kh1 Rxe4 39. Rde1 Rge3 40.
Rxe3 Rxe3 41. Nxa5 Rh3+ 42. Kg2 Rg3+ 1/2-1/2

[Event "Deutsche Ländermeisterschaft 2013"]
[Site "Hannover GER"]
[Date "2013.10.04"]
[Round "4"]
[White "Roseneck, Jonas"]
[Black "Rieß, Alexander"]
[Result "1/2-1/2"]
[Termination "normal"]
[Board "4.6"]
[WhiteTitle "12"]
[BlackTitle "12"]
[WhiteElo "1740"]
[BlackElo "1776"]
[WhiteTeam "Sachsen-Anhalt"]
[BlackTeam "Schleswig-Holstein"]
[WhiteFideId "12939870"]
[BlackFideId "12953326"]
[EventCountry "GER"]
[EventRounds "7"]
[EventType "team-swiss"]
[EventDate "2013.10.02"]

1. e4 c6 2. d4 d5 3. exd5 cxd5 4. c4 Nf6 5. Nc3 g6 6. Bg5 Ne4 7. Be3 Nxc3 8.
bxc3 Bg7 9. Nf3 O-O 10. h3 Nc6 11. Be2 dxc4 12. Bxc4 Qc7 13. Bd3 Rd8 14. Qc2 e5
15. O-O exd4 16. cxd4 Qa5 17. Rfe1 Be6 18. Rab1 Rac8 19. Qb2 b6 20. Be4 Qxa2
21. Qxa2 Bxa2 22. Ra1 Bd5 23. Bxd5 Rxd5 24. Rec1 Rdd8 25. Bg5 f6 26. Bf4 Bf8
27. Kh1 Kf7 28. g4 g5 29. Bxg5 fxg5 30. Rxc6 Rxc6 31. Ne5+ Ke6 32. Nxc6 Rd6 33.
Nxa7 Rxd4 34. Nb5 Rb4 35. Nc3 Bg7 36. Re1+ Be5 37. Ne4 h6 38. Kg2 Kd5 39. Ng3
Bxg3 40. Kxg3 b5 41. Rd1+ Rd4 42. Rb1 b4 43. h4 Rd3+ 44. f3 Kc4 45. hxg5 hxg5
46. Kf2 b3 47. Ke2 Rc3 48. Kf2 Rc2+ 49. Ke3 b2 50. f4 gxf4+ 51. Kxf4 Kc3 52. g5
Rc1 53. Rxb2 Kxb2 54. g6 Kc3 55. Ke5 Kc4 56. g7 Rg1 57. Kf6 Kd5 58. Kf7 Rf1+
59. Ke7 Rg1 60. Kf7 Rxg7+ 1/2-1/2

[Event "Deutsche Ländermeisterschaft 2013"]
[Site "Hannover GER"]
[Date "2013.10.04"]
[Round "4"]
[White "Rosmait, Emily"]
[Black "Cejda, Cecilia"]
[Result "1-0"]
[Termination "normal"]
[Board "4.7"]
[WhiteTitle "16w"]
[BlackTitle "12w"]
[WhiteElo "1733"]
[BlackElo "1400"]
[WhiteTeam "Schleswig-Holstein"]
[BlackTeam "Sachsen-Anhalt"]
[WhiteFideId "12937754"]
[BlackFideId "12921122"]
[EventCountry "GER"]
[EventRounds "7"]
[EventType "team-swiss"]
[EventDate "2013.10.02"]

1. e4 c5 2. Nf3 d6 3. Bb5+ Nd7 4. O-O e6 5. d4 a6 6. Bxd7+ Bxd7 7. dxc5 dxc5 8.
e5 Bb5 9. Re1 Qxd1 10. Rxd1 Be7 11. Nc3 Bc6 12. Ng5 h6 13. Nge4 f6 14. Be3 b6
15. Nd6+ Kf8 16. f4 h5 17. Nc4 Rb8 18. Rd2 Nh6 19. a4 b5 20. axb5 axb5 21. Nd6
c4 22. Ncxb5 Bxb5 23. Nxb5 Ng4 24. Bf2 Kf7 25. Nd6+ Kg6 26. Nxc4 Ra8 27. Rad1
fxe5 28. Nxe5+ Nxe5 29. fxe5 Bg5 30. Rd6 Kf5 31. h3 Ra2 32. Bd4 Be7 33. Rd7 Re8
34. Kh1 g5 35. Rf1+ Kg6 36. Bc5 Bd8 37. Ba3 h4 38. c4 Bb6 39. Rf6+ 1-0

[Event "Deutsche Ländermeisterschaft 2013"]
[Site "Hannover GER"]
[Date "2013.10.04"]
[Round "4"]
[White "Bierfreund, Trine Maja"]
[Black "Köhler, Inken"]
[Result "0-1"]
[Termination "normal"]
[Board "4.8"]
[WhiteTitle "12w"]
[BlackTitle "12w"]
[WhiteElo "1253"]
[BlackElo "1596"]
[WhiteTeam "Sachsen-Anhalt"]
[BlackTeam "Schleswig-Holstein"]
[WhiteFideId "12957372"]
[BlackFideId "12929301"]
[EventCountry "GER"]
[EventRounds "7"]
[EventType "team-swiss"]
[EventDate "2013.10.02"]

1. e4 e5 2. Nf3 Nc6 3. Bc4 Nf6 4. d3 Bc5 5. c3 d6 6. O-O Bg4 7. h3 Bh5 8. Re1
Qd7 9. Nbd2 O-O-O 10. b4 Bb6 11. a4 a6 12. a5 Ba7 13. b5 axb5 14. Bxb5 g5 15.
Qb3 g4 16. hxg4 Qxg4 17. Nf1 Rhg8 18. Ng3 Qxg3 19. Nh4 Qxf2+ 20. Kh2 Qxh4# 0-1

[Event "Deutsche Ländermeisterschaft 2013"]
[Site "Hannover GER"]
[Date "2013.10.04"]
[Round "4"]
[White "Günnigmann, Manuel"]
[Black "Noe, Christopher"]
[Result "0-1"]
[Termination "normal"]
[Board "5.1"]
[WhiteTitle "20"]
[BlackTitle "18"]
[WhiteElo "2140"]
[BlackElo "2255"]
[WhiteTeam "Niedersachsen 2"]
[BlackTeam "Baden"]
[WhiteFideId "24640360"]
[BlackFideId "24692018"]
[EventCountry "GER"]
[EventRounds "7"]
[EventType "team-swiss"]
[EventDate "2013.10.02"]

1. e4 c5 2. Nf3 e6 3. d4 cxd4 4. Nxd4 a6 5. Nc3 b5 6. Bd3 Qb6 7. Nb3 Qc7 8. O-O
Nf6 9. Qe2 d6 10. Bd2 Be7 11. Rae1 b4 12. Nd1 Nc6 13. f4 Bb7 14. Kh1 a5 15. e5
dxe5 16. fxe5 Nd7 17. Bf4 a4 18. Nc1 Nc5 19. Bg3 Nxd3 20. Nxd3 Nd4 21. Qg4 Qxc2
22. N1f2 Qc6 23. Ne4 Nf5 24. Nf4 g6 25. Nf6+ Bxf6 26. exf6 h5 27. Qg5 h4 28.
Bf2 h3 29. Rc1 hxg2+ 30. Nxg2 Qf3 31. Bb6 Ng3+ 0-1

[Event "Deutsche Ländermeisterschaft 2013"]
[Site "Hannover GER"]
[Date "2013.10.04"]
[Round "4"]
[White "Ruff, Maximilian"]
[Black "Kyas, Philipp"]
[Result "1-0"]
[Termination "normal"]
[Board "5.2"]
[WhiteTitle "16"]
[BlackTitle "18"]
[WhiteElo "2094"]
[BlackElo "2060"]
[WhiteTeam "Baden"]
[BlackTeam "Niedersachsen 2"]
[WhiteFideId "1271670"]
[BlackFideId "24670936"]
[EventCountry "GER"]
[EventRounds "7"]
[EventType "team-swiss"]
[EventDate "2013.10.02"]

1. e4 e5 2. Nf3 Nc6 3. d4 exd4 4. Bc4 Nf6 5. e5 d5 6. Bb5 Ne4 7. Nxd4 Bd7 8.
Bxc6 bxc6 9. O-O c5 10. Nb3 Bc6 11. Na5 Bb5 12. c4 dxc4 13. Na3 c6 14. N5xc4
Be7 15. Qe2 Ng5 16. Rd1 Qc7 17. Nxb5 cxb5 18. Nd6+ Kf8 19. h4 Ne6 20. Qf3 Bxd6
21. Qxa8+ Qb8 22. Qxb8+ Bxb8 23. Be3 Ke7 24. Rd5 Rc8 25. Rc1 Ke8 26. b4 c4 27.
Rxb5 c3 28. g3 a6 29. Rd5 Rc4 30. a3 Nc7 31. Rc5 Re4 32. R1xc3 Nb5 33. Rxb5
axb5 34. Rc8+ Kd7 35. Rxb8 Rxe5 36. Bc5 Re1+ 37. Kg2 Ra1 38. Rxb5 Rxa3 39. Rb7+
Ke6 40. Re7+ Kf6 41. Re3 Ra8 42. b5 Rc8 43. Bd4+ Kg6 44. b6 Rc4 45. Rb3 1-0

[Event "Deutsche Ländermeisterschaft 2013"]
[Site "Hannover GER"]
[Date "2013.10.04"]
[Round "4"]
[White "Vöge, Tobias"]
[Black "Riehle, Marco"]
[Result "1/2-1/2"]
[Termination "normal"]
[Board "5.3"]
[WhiteTitle "16"]
[BlackTitle "14"]
[WhiteElo "1937"]
[BlackElo "1847"]
[WhiteTeam "Niedersachsen 2"]
[BlackTeam "Baden"]
[WhiteFideId "1270513"]
[BlackFideId "12904392"]
[EventCountry "GER"]
[EventRounds "7"]
[EventType "team-swiss"]
[EventDate "2013.10.02"]

1. d4 d5 2. c4 e6 3. Nc3 c5 4. Nf3 cxd4 5. Nxd4 e5 6. Ndb5 d4 7. Nd5 Na6 8. e3
dxe3 9. Bxe3 Nf6 10. Nbc3 Nxd5 11. cxd5 Nc7 12. Bc4 Bd6 13. Qe2 O-O 14. O-O Bf5
15. f3 a6 16. Bb6 Qe7 17. Ne4 Bxe4 18. fxe4 Bc5+ 19. Bxc5 Qxc5+ 20. Kh1 Ne8 21.
Rac1 Qa5 22. Qh5 Nf6 23. Rxf6 gxf6 24. Qh6 Rfc8 25. Rc3 Qxc3 26. bxc3 Rxc4 27.
Qxf6 Rxe4 28. h4 Re8 29. Qg5+ Kf8 30. Qh6+ Ke7 31. Qb6 Rxh4+ 32. Kg1 Rc4 33.
d6+ Kd7 34. Qxb7+ Kxd6 35. Qxf7 Rec8 36. Qf6+ Kd5 37. Qf7+ Kd6 38. Qf6+ Kd5 39.
Qxa6 Rxc3 40. Qb5+ Ke6 41. a4 e4 42. Kf2 R8c5 43. Qe8+ Kd5 44. Qd7+ Ke5 45.
Qg7+ Kd5 46. Qd7+ Kc4 47. Qf7+ Rd5 48. a5 Kd4 49. Qg7+ Kd3 50. Qxh7 Rc2+ 51.
Kg3 Rxa5 52. Qd7+ Ke3 53. Qg7 Rcc5 54. Qb2 Rab5 55. Qf2+ Kd3 56. Qf1+ Kd4 57.
Qd1+ Ke5 58. Qh5+ Ke6 59. Qg6+ Kd5 60. Qg5+ Kc4 61. Qc1+ Kd4 1/2-1/2

[Event "Deutsche Ländermeisterschaft 2013"]
[Site "Hannover GER"]
[Date "2013.10.04"]
[Round "4"]
[White "Evers, Annika"]
[Black "Wiesner, Paula"]
[Result "0-1"]
[Termination "normal"]
[Board "5.5"]
[WhiteTitle "20w"]
[BlackTitle "14w"]
[WhiteElo "1810"]
[BlackElo "1855"]
[WhiteTeam "Niedersachsen 2"]
[BlackTeam "Baden"]
[WhiteFideId "24691933"]
[BlackFideId "24654019"]
[EventCountry "GER"]
[EventRounds "7"]
[EventType "team-swiss"]
[EventDate "2013.10.02"]

1. d4 e6 2. Nf3 f5 3. e3 Nf6 4. Be2 b6 5. Nbd2 Bb7 6. a3 Be7 7. b3 O-O 8. Bb2
Ne4 9. O-O d6 10. Rc1 Qe8 11. Ne1 Bg5 12. Bh5 Qe7 13. Nd3 Nd7 14. h3 Ndf6 15.
Be2 Nd5 16. Nxe4 fxe4 17. Nf4 Bxf4 18. exf4 Nxf4 19. Kh2 e3 20. f3 Rf5 21. Bd3
Rg5 22. Rg1 Rf8 23. Be4 Bxe4 24. fxe4 Qf7 25. g4 Qg6 26. h4 e2 27. Qe1 Rxg4 28.
Rxg4 Qxg4 29. Qg3 Qh5 30. Rg1 Ng6 31. d5 e5 32. Kh3 Rf3 0-1

[Event "Deutsche Ländermeisterschaft 2013"]
[Site "Hannover GER"]
[Date "2013.10.04"]
[Round "4"]
[White "Weis, Olga"]
[Black "Phunhon Lopez, Daniel A."]
[Result "1/2-1/2"]
[Termination "normal"]
[Board "5.6"]
[WhiteTitle "14w"]
[BlackTitle "12"]
[WhiteElo "1730"]
[BlackElo "1764"]
[WhiteTeam "Baden"]
[BlackTeam "Niedersachsen 2"]
[WhiteFideId "1270234"]
[BlackFideId "12952567"]
[EventCountry "GER"]
[EventRounds "7"]
[EventType "team-swiss"]
[EventDate "2013.10.02"]

1. e4 c5 2. Nf3 e6 3. d4 cxd4 4. Nxd4 a6 5. c4 Nf6 6. Nc3 Bb4 7. Qc2 Qc7 8. a3
Be7 9. Bd3 Nc6 10. Be3 Ng4 11. Qe2 Nce5 12. g3 Nxd3+ 13. Qxd3 Ne5 14. Qe2 Qxc4
15. Rb1 b5 16. Qxc4 Nxc4 17. Ke2 Bb7 18. f3 O-O 19. Rhd1 Rfd8 20. Nc2 d5 21.
exd5 Bxd5 22. Nxd5 Rxd5 23. Rxd5 exd5 24. b4 Bf6 25. Rd1 Rd8 26. Bd4 Bxd4 27.
Rxd4 Kf8 28. Rd3 Ke7 29. Ne3 Ke6 30. f4 Nxe3 31. Rxe3+ Kd6 32. Kd3 Rc8 33. Re1
f6 34. f5 Rc6 35. Re8 g6 36. Rh8 Ke5 37. Rxh7 Kxf5 38. Re7 Kg4 39. Rh7 f5 40.
Kd4 Rc4+ 41. Kxd5 Rc3 42. Rg7 g5 43. h4 Rxg3 44. Rxg5+ Kxh4 45. Rxf5 Rxa3 46.
Kc5 Kg4 47. Rf6 Rb3 48. Rf8 Ra3 49. Kb6 Rb3 50. Ra8 Ra3 51. Ra7 1/2-1/2

[Event "Deutsche Ländermeisterschaft 2013"]
[Site "Hannover GER"]
[Date "2013.10.04"]
[Round "4"]
[White "Schlichter, Lisa"]
[Black "Wiesner, Alexander"]
[Result "1-0"]
[Termination "normal"]
[Board "5.7"]
[WhiteTitle "16w"]
[BlackTitle "12"]
[WhiteElo "1664"]
[BlackElo "1649"]
[WhiteTeam "Niedersachsen 2"]
[BlackTeam "Baden"]
[WhiteFideId "12926396"]
[BlackFideId "12943991"]
[EventCountry "GER"]
[EventRounds "7"]
[EventType "team-swiss"]
[EventDate "2013.10.02"]

1. e4 e6 2. d3 d5 3. Nd2 Nc6 4. g3 Bc5 5. Bg2 Nf6 6. Ngf3 O-O 7. O-O e5 8. exd5
Qxd5 9. Re1 Ng4 10. Ne4 f5 11. c4 fxe4 12. cxd5 Bxf2+ 13. Kh1 exf3 14. Bxf3
Bxe1 15. Bxg4 Nd4 16. Be3 Bf2 17. Bd2 Rf6 18. Kg2 Nc2 19. Bxc8 Nxa1 20. Be6+
Kh8 21. Qxa1 Bd4 22. Qc1 Bb6 23. Be1 Raf8 24. Qc3 Rf1 25. Qxe5 Rg1+ 26. Kh3 Rf6
27. Bd2 Rf2 28. Bh6 Bd4 29. Qxd4 1-0

[Event "Deutsche Ländermeisterschaft 2013"]
[Site "Hannover GER"]
[Date "2013.10.04"]
[Round "4"]
[White "Lohrmann, Tabea"]
[Black "Mönster, Madita"]
[Result "0-1"]
[Termination "normal"]
[Board "5.8"]
[WhiteTitle "12w"]
[BlackTitle "12w"]
[WhiteElo "1547"]
[BlackElo "1545"]
[WhiteTeam "Baden"]
[BlackTeam "Niedersachsen 2"]
[WhiteFideId "12911941"]
[BlackFideId "12947156"]
[EventCountry "GER"]
[EventRounds "7"]
[EventType "team-swiss"]
[EventDate "2013.10.02"]

1. e4 c5 2. Nf3 d6 3. d4 cxd4 4. Nxd4 Nf6 5. Nc3 Nc6 6. Nb3 e5 7. f3 Be7 8. Be3
O-O 9. Qd2 a5 10. Bb5 Be6 11. O-O-O Na7 12. Bd3 b5 13. Bxb5 Nxb5 14. Nxb5 Qb8
15. a4 d5 16. exd5 Nxd5 17. g4 Rc8 18. Kb1 Nc7 19. Qe2 Na6 20. Ba7 Rxa7 21.
Nxa7 Qxa7 22. Qxe5 Bxb3 23. cxb3 Bf6 24. Qxa5 Qb7 25. Qd5 Qb8 26. Qb5 Qa7 27.
Rhe1 Nc7 28. Qd7 Rf8 29. b4 Qb6 30. Re2 Ne6 31. Qd6 Qb7 32. Rf2 Rd8 33. Qxd8+
Nxd8 34. b5 Qa7 35. Rfd2 Ne6 36. Rc2 h6 37. Rc4 Qf2 38. Rc2 Qxf3 39. Rdc1 Qd3
40. b6 Nd4 41. b7 Be5 42. a5 Nxc2 43. Rxc2 Qd1+ 44. Rc1 Qd3+ 45. Rc2 Kh7 46. b4
Qb3+ 47. Kc1 Bf4+ 48. Kd1 Qb1+ 49. Ke2 Qxc2+ 50. Kf3 Qc6+ 51. Kxf4 Qxb7 52. b5
Qxb5 53. a6 Qxa6 54. Kg3 Qf6 55. h4 g5 56. Kg2 Qf4 57. Kh3 Qf3+ 58. Kh2 Qxg4
59. Kh1 gxh4 60. Kh2 h3 61. Kh1 Qg2# 0-1

[Event "Deutsche Ländermeisterschaft 2013"]
[Site "Hannover GER"]
[Date "2013.10.04"]
[Round "4"]
[White "Hahn, Markus"]
[Black "Heyne, Lukas"]
[Result "1/2-1/2"]
[Termination "normal"]
[Board "6.1"]
[WhiteTitle "20"]
[BlackTitle "18"]
[WhiteElo "2239"]
[BlackElo "2094"]
[WhiteTeam "Hessen"]
[BlackTeam "Bremen"]
[WhiteFideId "24654647"]
[BlackFideId "24618080"]
[EventCountry "GER"]
[EventRounds "7"]
[EventType "team-swiss"]
[EventDate "2013.10.02"]

1. d4 d6 2. c4 e5 3. Nf3 exd4 4. Nxd4 g6 5. g3 Bg7 6. Bg2 Ne7 7. Nc3 Nbc6 8.
Nxc6 Nxc6 9. c5 Bxc3+ 10. bxc3 dxc5 11. Bxc6+ bxc6 12. Qxd8+ Kxd8 13. Bg5+ Kd7
14. O-O-O+ Ke6 15. Bf4 Ba6 16. Bxc7 Rac8 17. Rd6+ Ke7 18. Rxc6 Bb7 19. Bd6+ Ke6
20. Rxc8 Rxc8 21. Rd1 Bd5 22. Bf4 Rc6 23. Rd2 Ra6 24. Be3 Ra3 25. Rc2 Ra5 26.
c4 Be4 27. Rc3 Kd6 28. Kb2 Bf5 29. a3 Ra6 30. Rc1 Kc6 31. f3 Rb6+ 32. Ka2 Rb7
33. Bf4 Be6 34. Rc3 a5 35. Bc1 a4 36. Bb2 Rd7 37. Rc2 Rd1 38. g4 Re1 39. e4 Re3
40. Rc3 Rxc3 41. Bxc3 Bxc4+ 42. Kb2 Be2 43. f4 Bxg4 44. Kc2 Kb6 45. Kd3 Be6 46.
Be1 Ba2 47. Kc3 Bb1 48. e5 Kc6 49. Bf2 Kd5 50. Be3 h5 51. Bf2 c4 52. Bh4 Ke4
53. Bg5 Bd3 54. h4 Be2 55. Bh6 Kd5 56. Bg5 Bd1 57. Bh6 Bb3 58. Bg5 Ke4 59. Bh6
Kf3 60. Bg5 1/2-1/2

[Event "Deutsche Ländermeisterschaft 2013"]
[Site "Hannover GER"]
[Date "2013.10.04"]
[Round "4"]
[White "Kollars, Dmitrij"]
[Black "Baskin, Robert"]
[Result "1/2-1/2"]
[Termination "normal"]
[Board "6.2"]
[WhiteTitle "14"]
[BlackTitle "14"]
[WhiteElo "2068"]
[BlackElo "2138"]
[WhiteTeam "Bremen"]
[BlackTeam "Hessen"]
[WhiteFideId "12909572"]
[BlackFideId "24662402"]
[EventCountry "GER"]
[EventRounds "7"]
[EventType "team-swiss"]
[EventDate "2013.10.02"]

1. e4 c5 2. Nf3 d6 3. d4 cxd4 4. Nxd4 Nf6 5. Nc3 a6 6. Bc4 e6 7. Bb3 b5 8. O-O
Be7 9. Qf3 Qc7 10. Qg3 Nc6 11. Nxc6 Qxc6 12. Re1 Bb7 13. a3 O-O 14. Bh6 Ne8 15.
Rad1 Kh8 16. Bg5 Bxg5 17. Qxg5 Nf6 18. Rd3 Rad8 19. f3 Qc5+ 20. Qe3 Qxe3+ 21.
Rexe3 Rd7 22. Re1 Rfd8 23. Red1 Kg8 24. Rd4 Bc6 25. a4 e5 26. R4d2 Kf8 1/2-1/2

[Event "Deutsche Ländermeisterschaft 2013"]
[Site "Hannover GER"]
[Date "2013.10.04"]
[Round "4"]
[White "Galkin, Wladislaw"]
[Black "Kügel, Tobias"]
[Result "1/2-1/2"]
[Termination "normal"]
[Board "6.3"]
[WhiteTitle "18"]
[BlackTitle "18"]
[WhiteElo "2088"]
[BlackElo "2086"]
[WhiteTeam "Hessen"]
[BlackTeam "Bremen"]
[WhiteFideId "4603192"]
[BlackFideId "4636295"]
[EventCountry "GER"]
[EventRounds "7"]
[EventType "team-swiss"]
[EventDate "2013.10.02"]

1. c4 c6 2. g3 d5 3. Bg2 Nf6 4. Nf3 Nbd7 5. O-O e6 6. b3 Be7 7. d3 O-O 8. Bb2
b6 9. e3 Bb7 10. Qe2 Rc8 11. Nbd2 c5 12. Rac1 Qc7 13. d4 Qb8 14. Rfd1 Qa8 15.
Ne1 Rfd8 16. f4 h6 17. Nd3 Bf8 18. Nf3 Ne4 19. Nfe5 dxc4 20. bxc4 Nef6 21. Nxd7
Nxd7 22. Ne5 Nf6 23. Bf3 1/2-1/2

[Event "Deutsche Ländermeisterschaft 2013"]
[Site "Hannover GER"]
[Date "2013.10.04"]
[Round "4"]
[White "Rockmann, Jan-Okke"]
[Black "Keller, Peter"]
[Result "0-1"]
[Termination "normal"]
[Board "6.4"]
[WhiteTitle "12"]
[BlackTitle "16"]
[WhiteElo "1783"]
[BlackElo "2036"]
[WhiteTeam "Bremen"]
[BlackTeam "Hessen"]
[WhiteFideId "12942111"]
[BlackFideId "1272105"]
[EventCountry "GER"]
[EventRounds "7"]
[EventType "team-swiss"]
[EventDate "2013.10.02"]

1. e4 e5 2. Nf3 Nc6 3. d4 exd4 4. Nxd4 Nf6 5. Nxc6 bxc6 6. Bd3 d5 7. e5 Ng4 8.
O-O f6 9. Re1 fxe5 10. h3 Nf6 11. Rxe5+ Kf7 12. Bg5 Rb8 13. Qe2 g6 14. Nd2 h6
15. Bh4 Bd6 16. Nf3 Kg7 17. Re3 Bd7 18. Nd4 Re8 19. Ne6+ Bxe6 20. Rxe6 g5 21.
Bg3 Bxg3 22. fxg3 Qd7 23. Rxe8 Rxe8 24. Qf2 a5 25. Rf1 Rf8 26. Qc5 Qd6 27. Qxa5
Qxg3 28. Qe1 Qd6 29. Qf2 Nd7 30. Qd4+ Rf6 31. a4 c5 32. Qe3 c4 33. Rxf6 Nxf6
34. Bf5 Qb6 35. Kf2 Kf8 36. b4 Qxb4 37. Qd4 Qb6 38. Ke3 Ke7 39. a5 Qxd4+ 40.
Kxd4 Kd6 41. a6 c5+ 42. Kc3 Kc7 43. Kd2 Kb6 44. Bc8 Ne4+ 45. Ke3 Nd6 46. Be6
d4+ 47. Ke2 Kxa6 48. c3 Kb5 49. Bd7+ Kb6 50. Be6 Ka5 0-1